000 01811nam a2200373Ia 4500
001 dia_2456
003 CHAP
005 20250303091711.0
007 ta
008 220117s2002 mx ado f 001 0 spa d
040 _amxchpua
_cCHAP
090 _aT.C.345
_bS26 IAI
_c2002
245 1 0 _aInterrelación agricultura-industria valle de Zamora, Michoacán :
_bTangancícuaro, Jacona y Zamora /
_ccoordinador Víctor Sánchez Peña ; colaboradores Norman Aguilar Gallegos...[et al.]
260 _aMéxico :
_bEl autor,
_c2002
300 _a88 hojas :
_bilustraciones, tablas, diagramas, gráficas, mapas, fotos
336 _2rdacontent
_atexto
_btxt
337 _2rdamedia
_asin medio
_bn
338 _2rdacarrier
_avolumen
_bnc
500 _aDirectorio : hoja 87
502 _aViaje de Estudios
_b(IAI) --
_cUACh. Departamento de Ingeniería Agroindustrial,
_d2002
505 _a
_tEmpresas visitadas : -- 1.Lácteos Tangancícuaro -- 2.SIASMEX -- 3.Congeladora Américana -- 4.Harinera Guadalupe, S. A. de C. V. -- 5.FREXPORT -- 6.Chongos regionales Tres Reyes -- 7.Productos agrícolas de Jacona, S. de R. L. -- 8.Fresas Jacona, S. P. R. de R. L. -- 9.Procesadora García -- 10.Frutas y vegetales de Zamora, S. A. de C. V.
650 1 3 _aIndustria agrícola
_9152900
_zMéxico
_zMichoacán
650 1 3 _aIndustria de los alimentos
_9152901
_zMéxico
_zMichoacán
650 1 3 _aAgricultural industry
_9152624
_zMexico
_zMichoacán
650 1 3 _aFood industry
_9152899
_zMexico
_zMichoacán
700 1 _aSánchez Peña, José Víctor
_9107749
_ecoordinador
700 1 _aAguilar Gallegos, Norman
_ecolaborador
_92704
901 _aT.C.345 S26 IAI 2002
902 _aM
905 _a5232272002 mx dmnb8223123322spa16
942 _2local
942 _cVE
999 _c172979
_d172979